000 00220 a2200109 4500
020 _a9788479535315
041 _aspa
100 _aJean Francois Revel
245 _aLa obsesion Antiamericana
942 _cBK
952 _71
999 _c21338
_d21338